MDQL
is popping MORE tags! Check the
thread
!
Quizzes
Events
Quiz Creation
Community
Videos
Private Events
Remove Ads
Sign In
Join for FREE
Feedback
Dark Mode
Quiz Categories
Sports
Geography
Music
Movies
Television
Just For Fun
Miscellaneous
History
Literature
Language
Science
Gaming
Entertainment
Religion
Holiday
For Kids
Quiz Lab
Recent
Popular Today
Quiz Kudos Today
Editor Picks
Curator Picks
Quizzes by...
Day
Popularity
Type
Ratings
Length
Year
Community
Subscriptions
Recent Discussions
Orange Saloon
Badges
Playlists
Quests
Create
Leaderboards
Showdown
Live 5
Trivia Bingo
Activity
Puzzle Library
Sporcle Events
Private Events
Virtual Trivia
Globe League
Become a Host
Pub Owners
SporcleCon
Opinionation
Our Games
Videos
Blog
Mobile Apps
Partnerships
Remove Ads and Go Orange
Feedback
Music
Pop Music
The Beatles
Song
Album
Lyrics
Bands
Singers
Artist
Clip
Rock
Rap
Classical
Billboard
Country Music
Kpop
Taylor Swift
Music
Pop Music
The Beatles
Song
Album
Lyrics
Bands
Singers
Artist
Clip
Rock
Rap
Classical
Billboard
Country Music
Kpop
Taylor Swift
Random Quiz
Search Sporcle
×
Quiz Lab
Quiz Lab
Music
Rock
Type in answers that appear in a list
Type in answers that appear in a list
Classic
Best Score? Go Orange.
The Best of The Rolling Stones -- by Rolling Stone Stats
Can you name the 25 best songs of The Rolling Stones (the band) according to Rolling Stone (the magazine)?
By
derex
6m
25 Questions
170 Plays
170 Plays
170 Plays
Comments
Comments
Give Quiz Kudos
Give Quiz Kudos
-
- Ratings
hide this ad
Replay
Link that replays current quiz
Next Quiz
Link to next quiz in quiz playlist
You Got
0%
They Got
Avg Score
60%
Avg Friend Score
Upgrade to see
Score Distribution
Jump to the score distribution portion of the page
Score
0/25
Timer
06:00
0
Plays Today
Rank
Song
% Correct
2
(I Can’t Get No) Satisfaction
96.5%
3
Sympathy for the Devil
89.4%
6
Paint It, Black
86.5%
1
Gimme Shelter
85.9%
8
Brown Sugar
84.1%
9
Wild Horses
76.5%
5
You Can't Always Get What You Want
74.7%
15
Miss You
70.6%
11
Honky Tonk Woman
68.2%
24
Tumbling Dice
65.9%
19
Ruby Tuesday
64.7%
16
Beast of Burden
62.9%
12
Get Off Of My Cloud
61.8%
Rank
Song
% Correct
4
Street Fighting Man
60%
7
Jumpin’ Jack Flash
58.8%
13
Midnight Rambler
50.6%
10
Under My Thumb
48.8%
14
Let's Spend The Night Together
46.5%
18
19th Nervous Breakdown
44.1%
17
Can't You Hear Me Knocking
41.8%
25
Time Is On My Side
39.4%
22
Moonlight Mile
33.5%
21
Rocks Off
31.8%
23
The Last Time
31.8%
20
Sway
28.8%
Quiz Playlist
Details
Report
Send in Message
Add To Playlist
Classic:
Type in answers that appear in a list
Quiz Source
Last Updated: Feb 16, 2017
Quiz Scoreboard
CHALLENGE
Sign Up to Join the Scoreboard
Show All
Scores
Hide
Comments
May contain spoilers
Recently Published
1-10 Letter E Words III
by El_Dandy
Language
2m
Street Fighter Characters
by Artimus82
Gaming
60s
College Basketball Coaching Resumes
by pancakes188
Sports
9m
More to Explore
Quiz From the Vault
Featured Blog Post
Where Did the Easter Bunny Come From?
hide this ad
You Might Also Like...
Tags
Rock Quiz
Song Quiz
Rolling Stone
The Rolling Stones
Top 25
Today's Top Quizzes in Music
Browse Music
hide this ad
Today's Top Quizzes in Rock
Browse Rock
Top Contributed Quizzes in Music
1
Taylor Swift All Songs (2024)
2
Taylor Swift Logic Puzzle
3
Guess the Artist- 70s Songs
4
7-to-1: Billboard Hot 100 #1 Hits of 2010s
5
Sorting Albums and Songs
6
Billboard Blitz: Aretha Franklin
7
KPOP LOGIC QUIZ
8
Guess the Taylor Swift song (Mystery Song)
9
Guess The Taylor Swift Lyrics Song #1
10
Billboard Blitz: ABBA
Explore More
Trending Topics
Harry Potter
Marvel
Crossword
Anime
Disney
NBA
Kpop
Song
Pokémon
Puzzle
The Office
Country
Soccer
WWE
NFL
hide this ad
More By:
derex
Quiz
Plays
Rating
Category
Featured
Created
Letters-In-Acronyms
77,141
4.46
Miscellaneous
Sep 23, 2016
Common Words in Abbreviations
16,802
4.33
Miscellaneous
Nov 24, 2015
WRC rally winners by nation
3,479
5.00
Sports
Apr 25, 2015
Country names with palindromic vowels
3,161
4.48
Geography
Sep 8, 2016
Fastest F1 drivers since 1983
2,854
4.24
Sports
Aug 18, 2020
Go to Creator's Profile
Score Distribution
Quiz Creator Spotlight
derex
Follow
Send a Message
Quizzes Created
-
Created Quiz Play Count
-
More By This Creator
Popular Quizzes Today
1
Find the US States - No Outlines Minefield
2
Find the Countries of Europe - No Outlines Minefield
3
The Countries of the World
4
Find the US States
5
Risky Map Clicking: Biggest States A-Z
6
US States
7
Popular People in 1961
8
Movies - When Are They Set?
More Music Quizzes
2020 Most Listened Kpop Songs (audio)
Quiz Lab
Trending Quizzes
Risky Map Clicking: Least Populous States A-Z
Billboard Blitz: Aretha Franklin
Famous Russians: Author or Composer?
Countries of the World: 200 Million BC
1-10 Letter G Words
Recently Updated
Leaping Animals
pecheneg
Reality TV Shows (A-Z)
bhenderson79
Rickey Henderson's Hall of Fame Teammates
pecheneg
Champions League XIs: Arsenal
pecheneg
Quick Pick: Celebrities in WWE's Hall of Fame
aduchscher
A-Z Keypad Blitz II
pecheneg
Multiple Oscar Actors
pecheneg
Mystery Phrase Blitz: Oscar 'Best Actors'
pecheneg
F. Scott Fitzgerald Novels
LTH
Pick 3 Villains
ddd62291
Trending Topics
Marvel
Crossword
NBA
Kpop
Disney
Harry Potter
Anime
Country
Song
NFL
Puzzle
Soccer
WWE
The Office
Pokémon
Your Account Isn't Verified!
In order to create a playlist on Sporcle, you need to verify the email address you used during registration. Go to your
Sporcle Settings
to finish the process.
Report this User
Report this user for behavior that violates our
Community Guidelines
.
Details:
Send Report
Go to the Sporcle.com Mobile Site →
Comments